القياس في التربية الرياضية وعلم النفس الرياضي/ (Record no. 7506)
[ view plain ]
| 000 -LEADER | |
|---|---|
| fixed length control field | 01036nac a22002171u 4500 |
| 008 - FIXED-LENGTH DATA ELEMENTS--GENERAL INFORMATION | |
| fixed length control field | 100721s1988 ua||||||r||| 001 0dra d |
| 020 ## - INTERNATIONAL STANDARD BOOK NUMBER | |
| International Standard Book Number | 9771002910 |
| 082 ## - DEWEY DECIMAL CLASSIFICATION NUMBER | |
| Classification number | 159 |
| Item number | ع ل ا |
| Edition number | 22 |
| 100 ## - MAIN ENTRY--PERSONAL NAME | |
| Personal name | علاوي ، محمد حسن |
| 9 (RLIN) | 16542 |
| 245 ## - TITLE STATEMENT | |
| Title | القياس في التربية الرياضية وعلم النفس الرياضي/ |
| Statement of responsibility, etc | محمد حسن علاوي ؛ محمد نصر الدين رضوان |
| 250 ## - EDITION STATEMENT | |
| Edition statement | ط2 |
| 260 ## - PUBLICATION, DISTRIBUTION, ETC. (IMPRINT) | |
| Place of publication, distribution, etc | القاهرة: |
| Name of publisher, distributor, etc | دار الفكر العربي ، |
| Date of publication, distribution, etc | c1988. |
| 300 ## - PHYSICAL DESCRIPTION | |
| Extent | 455ص: |
| Other physical details | ايض ; |
| Dimensions | 24سم |
| 504 ## - BIBLIOGRAPHY, ETC. NOTE | |
| Bibliography, etc | يحتوي على مراجع ببليوجرافية وكشاف |
| 511 ## - PARTICIPANT OR PERFORMER NOTE | |
| Participant or performer note | Catalogued by: Sara |
| 541 ## - IMMEDIATE SOURCE OF ACQUISITION NOTE | |
| Source of acquisition | ألف باء ; |
| 650 ## - SUBJECT ADDED ENTRY--TOPICAL TERM | |
| Topical term or geographic name as entry element | علم النفس الرياضي |
| 9 (RLIN) | 16870 |
| 700 ## - ADDED ENTRY--PERSONAL NAME | |
| Personal name | رضوان ، محمد نصر الدين |
| 9 (RLIN) | 16545 |
| Relator term | مؤلف مشارك |
| 942 ## - ADDED ENTRY ELEMENTS (KOHA) | |
| Item type | Book - Borrowing |
| Call number prefix | 159 ع ل ا |
| Source of classification or shelving scheme | Dewey Decimal Classification |
| Withdrawn status | Item status | Source of classification or shelving scheme | Damaged status | Not for loan | Vendor | Home library | Current library | Shelving location | Date acquired | Source of acquisition | Total Checkouts | Full call number | Barcode | Date last seen | Koha item type |
|---|---|---|---|---|---|---|---|---|---|---|---|---|---|---|---|
| Dewey Decimal Classification | Alef-Baa | Central Library | Central Library | Lower Floor | 27/07/2010 | 159 ع ل ا | 000009111 | 15/07/2025 | Book - Borrowing |